000 00354nam a2200109Ia 4500
008 180205s9999 xx 000 0 und d
020 _a9781138284234
100 _aBitchener, John
245 _aTeaching writing for academic purposes to multilingual students :
_bInstructional approaches
260 _aNew york :
_bRoutledge
_c2017
300 _aix, 219 pages
999 _c354902
_d354902